000 00523nam a22001697a 4500
003 SGT
020 _a9788177582321
082 _a546,SVE
100 _aSVEHLA G.
245 _aVOGEL'S QUALITATIVE INORGANIC ANALYSIS
250 _a7TH
260 _aNEW DELHI
_bPEARSON
_c2011
300 _a352
650 _aINORGANIC CHEMISTRY
653 _aINTRODUCTION, EXPERIMENTAL TECHNIQUES, REACTIONS OF THE CATIONS, REACTIONS OF THE ANIONS, SELECTED TESTS AND SEPARATIONS, REACTIONS OF SOME LESS COMMON IONS
942 _2ddc
_cFPS
999 _c9509
_d9509